000 00311nam a2200133Ia 4500
005 20251222151305.0
008 251222s9999||||xx |||||||||||||| ||spa||
082 _a821/A32
100 _aAgurto, Gastón
245 0 _aComer Carne Humana
250 _a1ra.ed.
264 _bEdiciones de los Lunes
942 _cLIB
999 _c23121
_d23121